000 00768nam a2200253Ia 4500
003 GCL
005 20240530104615.0
008 140319s9999 xx 000 0 ara d
040 _aGCL /
_cGCL
082 0 4 _a922
_bم ع
100 1 _aمحمد طماشى
245 1 0 _aعظماء ومفكرون يعتنقون الاسلام /
_cمحمد طماشى
300 _a262 ص
490 _aسلسلة اولئك الذين هداهم الله
_v0
650 0 4 _aالاسلام - تراجم
650 0 4 _aالرجال - تراجم
650 0 4 _aرجاء غارودى
650 0 4 _aموريس بوكاى
650 0 4 _aمحمد اسد
650 0 4 _aمحمد زكريا
650 0 4 _aمحمد على كلاى
700 1 _aاحمد كفتارو
942 _2ddc
_cBK
999 _c49146
_d49146